Comparative politics (Record no. 11750)

MARC details
000 -LEADER
fixed length control field 00354nam a2200145Ia 4500
082 ## - DEWEY DECIMAL CLASSIFICATION NUMBER
Classification number 320.3 HAN-;
100 ## - MAIN ENTRY--AUTHOR NAME
Personal name Hans Raj
245 #0 - TITLE STATEMENT
Title Comparative politics
260 ## - PUBLICATION, DISTRIBUTION, ETC. (IMPRINT)
Place of publication Delhi
Name of publisher Surjeet Publications
Year of publication 1985
300 ## - PHYSICAL DESCRIPTION
Number of Pages ix, 395p.
650 ## - SUBJECT ADDED ENTRY--TOPICAL TERM
Topical Term Politics, Practical
650 ## - SUBJECT ADDED ENTRY--TOPICAL TERM
Topical Term Comparative government
650 ## - SUBJECT ADDED ENTRY--TOPICAL TERM
Topical Term Political science
942 ## - ADDED ENTRY ELEMENTS (KOHA)
Koha item type Books
Source of classification or shelving scheme Dewey Decimal Classification
Holdings
Withdrawn status Lost status Damaged status Not for loan Home library Current library Date acquired Bill Date Full call number Accession Number Price effective from Koha item type
        NASSDOC Library NASSDOC Library 08/06/2004 2004-10-22 320.3 HAN-; 27064 18/04/2019 Books